Europe Map with 8 Extra Borders - Statistics

General Stats
  • This quiz has been taken 5,586 times
  • The average score is 7 of 8
Answers on the Map
Answers color-coded by a green-red scale on the quiz's map according to % correct below.
 
Answer Stats
Country % Correct
Portugal
99%
Iceland
98%
France
97%
Russia
96%
Slovakia
95%
Romania
93%
Albania
91%
Luxembourg
77%
No matching quizzes found
Score Distribution
Percent of People with Each Score
Percentile by Number Answered
Your Score History
You have not taken this quiz